Bilan hydrique agricole et secheresse en Afrique tropicale: : vers une gestion des flux hydrique par le stysteme de culture:: seminaire
Saved in:
| Main Author: | |
|---|---|
| Format: | Book |
| Language: | English |
| Published: |
John Libbey
1994
|
| Tags: |
Add Tag
No Tags, Be the first to tag this record!
|
MARC
| LEADER | 00000nam a22000007a 4500 | ||
|---|---|---|---|
| 008 | 230817b |||||||| |||| 00| 0 eng d | ||
| 020 | |a 2742000224 | ||
| 100 | |a Reyniers, Francois |a Netoyo, Laomaibao | ||
| 245 | |a Bilan hydrique agricole et secheresse en Afrique tropicale: |b : vers une gestion des flux hydrique par le stysteme de culture:: seminaire |c / edited by Francois Reyniers [and] Laomaibao Netoyo |g xv, 415p. | ||
| 260 | |b John Libbey |c 1994 |h Paris |i 285666 |l S494.5.B49 |m Water in agriculture |m Water in agriculture - Africa, Sun-Saharan - Congresses |m Droughts - Africa, Sub-Saharan - Congresses |m Precipitation(Meteorology) - Africa, Sub-Saharan - Congresses |m Water resources development - Africa, Sub-Saharan - Congresses | ||
| 942 | |a lcc |c BK |e AAR |f 17:8:23 | ||
| 952 | |0 0 |1 0 |2 lcc |4 0 |6 S04945 B49 |7 0 |9 4385 |a HOL |b HOL |c QZ |d 2023-08-17 |l 0 |o S494.5.B49 |p 2023-0309 |r 2023-08-17 00:00:00 |t 285666 |w 2023-08-17 |y BK | ||
| 999 | |c 2201 |d 2201 | ||